000 00864nam a2200289 a 4500
999 _c1967
_d1967
001 1967
003 BD-JhCC
005 20221124134023.0
008 171026s1997 nyua b 001 0 eng d
020 _a0070170592 (acidfree paper)
035 _a(BD-JhCC)1967
040 _aDLC
_cDLC
_dDLC
_dBD-JhCC
041 _aeng
050 0 0 _aQC254.2
_b.Z45 1997
082 0 0 _a536.7
_223
_bZEM 1997
100 1 _aZemansky, Mark Waldo,
_d1900-
245 1 0 _aHeat and thermodynamics :
_ban intermediate textbook /
_cMark W. Zemansky, Richard H. Dittman.
250 _a7th ed.
260 _aNew York :
_bMcGraw-Hill,
_cc1997.
300 _aVIII, 487 p. :
_bill. ;
_c21 cm.
504 _aIncludes bibliographical references (p. 471-472) and index.
650 0 _aHeat.
650 0 _aThermodynamics.
700 1 _aDittman, Richard.
942 _2ddc
_cBK
_01